000 00713nam a2200265Ia 4500
008 170203s9999 xx 000 0 und d
020 _a9622582257
050 _a959.921
050 _b.K19 1998
100 _aCasal, Gabriel S.
245 4 _aThe Earliest Filipinos /
260 _aMandaluyong City :
260 _bAsia Publishing House.
260 _c1998
300 _a304 pages :
300 _b10 v. : col. ill. ;
300 _c29 cm.
440 _vvolume 2
650 _aPhilippines --
650 _aPhilippines -- Social conditions.
650 _xHistory.
700 _aDizon, Eusebio Z., author.
700 _aRonquillo, Wilfredo P., author
700 _aSalcedo, Cecilio G., author
999 _c305523
_d305523